000 00286nam a2200109 4500
008 240223b |||||||| |||| 00| 0 eng d
022 _a13918656
245 _aLines-Vol. 2. no. 2 (August 2003)
260 _aColombo :
_bSocial students' association,
_c2003
300 _b74 p.
942 _cCR
999 _c4800
_d4800